000 00321nam a22001457a 4500
020 _a978-93-86595-14-0
041 _aENG
100 _aSmith.H.P
245 _aFarm Machinery And Equipment
250 _aFourth Edition
260 _aNew Delhi
_bAgri Horti Press
_c2018
300 _a514
650 _aFMP
856 _uFMP
999 _c81
_d81